| 000 | 00817nam a22002537a 4500 | ||
|---|---|---|---|
| 003 | UA-OsUOA | ||
| 001 | 25391 | ||
| 007 | ta | ||
| 008 | 20040405b un ||||| |||| 00| 0 ukr d | ||
| 100 | _aНовицький В.Є. | ||
| 090 |
_a339.9(477)(075.8) _bН73 |
||
| 942 | _cBK | ||
| 040 |
_aUA-OsUOA _bukr _cUA-OsUOA _dUA-OsUOA |
||
| 245 |
_aМіжнародна економічна діяльність України _bпідручник |
||
| 300 | _a948 с. | ||
| 955 | _a2 | ||
| 041 | _aukr | ||
| 080 | _a339.9(477)(075.8) | ||
| 020 | _a966-574-428-3 | ||
| 260 |
_aК. _bКНЕУ _c2003 |
||
| 044 | _aUA | ||
| 650 | 7 |
_a339.9 Міжнародна економіка взагалі. Міжнародні економічні зв'язки. Світове господарство _2UDC |
|
| 999 |
_c311684 _d311684 |
||